Statistics for Post Malone Songs By Lyrics (b&b)

Click here to take the quiz!

General Stats

  • This quiz has been taken 499 times
  • The average score is 11 of 18

Answer Stats

LyricAnswer% Correct
I've been in the hillsRockstar
85%
Tell me that it's all okayStay
76%
Everything came second to the BenzoBetter Now
75%
Got diamonds by the boatloadPsycho
73%
Didn't know that was your girl when she gave me topCandy Paint
71%
Tell me why I can't get no reliefParanoid
71%
Beautiful BoobiesSpoil My Night
68%
Imma put that bitch pussy in a motherfucking body bagOver Now
67%
Money counter sound somethin' like a chopper, chopper92 Explorer
65%
Started with and eighth alrightSugar Wraith
59%
Paid 5 grand for a handbagBall For Me
58%
I don't even wanna go homeRich and Sad
55%
Million Followers but your bumper's brokenSame Bitches
53%
Multimillionaire by the time I'm 23Zack And Codeine
53%
See me in a 'Rari goin' vroom-vroom (skrrt skrrt)Takin' Shots
52%
My back is up against the wallOtherside
51%
You cut me down on my kneesBlame It On Me
50%
It happens every timeJonestown (Interlude)
30%

Score Distribution

Percentile by Number Answered

Percent of People with Each Score

Your Score History

You have not taken this quiz